Регионална библиотека "Любен Каравелов" - Русе

Клинична кардиология (Запис номер 87094)

MARC детайли
000 -Лидер
Контролно поле с фиксирана дължина 01587nam a2200349 c 4500
003 - Код на организацията, давaща контролен номер
Контролно поле BLK
005 - Дата и час на последна редакция
Контролно поле 20180422104355.0
008 - Елементи от данни с фиксирана дължина
fixed length control field 180408b bul|||||r ||||||| ||bul||
010 ## - Наследен системен номер
LC control number KNG00091724000
040 ## - Източник на каталожния запис
Идентификатор на билиотеката - собственик на записа BLK
041 ## - Код за език
Код за езика на текст/звукозапис или на отделно заглавие Български
Код за езика КДБФ Български
080 ## - УДК
Текстов определител УДК Сърдечни болести - ревмокардит, пороци на сърцето, капково сърце, кардиоптоза(висящо сърце), хипертрофия на сърцето, перикардит и др.
УДК код - определител по УДК 616.12
УДК определител (035)
УДК - код + определител 616.12(035)
100 1# - Редна дума - Автор
Автор Белов, Юрий Панайотов
Авторска отговорност първи автор
R(LIN) 373091
139 ## - Редно поле
Редна дума Клинична кардиология
Авторски знак Клин - К 65
245 10 - Сведения за заглавието
Заглавие Клинична кардиология
Подзаглавни данни Ръководство
Редно поле (дума) Юрий Панайотов Белов.
257 ## - Страна на издаване
Страна на създаване/издаване България
260 ## - Област на издателските данни
-- София
Име на издателя, разпространителя и проч. Медицина и физкултура
Година на издаване 1984
Печатница Пловдив : печ. Д. Благоев
300 ## - Физическа характеристика
Страници 495 с.
Илюстрации и др. със сх., табл., диагр.
Размери/Мащаб 25 см
380 ## - Жанр
Жанр Медицина
500 ## - Общи забележки
Забележка Авт. са отбелязани на с. 5. - 6 155 тир. - Библиогр. след отд. гл.
504 ## - Забележка за наличие на библиография и др
Забележка за наличие на библиография и под. след отд. гл.
650 #4 - Допълнително описание по предмет – тема
Основно описание – тема или топоним Сърдечно-съдови болести
9 (RLIN) 283242
653 ## - Ключова дума – ненормативна
Ключова дума кардиология
653 ## - Ключова дума – ненормативна
Ключова дума сърдечно-съдови болести
653 ## - Ключова дума – ненормативна
Ключова дума наръчници
653 ## - Ключова дума – ненормативна
Ключова дума ръководства
852 ## - Местоположение
Форматна сигнатура Цб 127574
856 4# - Електронен адрес и достъп
Електронен формат pdf - файл
Път до файла /url/
856 4# - Електронен адрес и достъп
Електронен формат pdf - файл
Път до файла /url/
942 ## - АРТИКУЛИ
Вид на библиотечния материал Книги
Скрит в OPAC Не
944 ## - СЪЗДАВАНЕ И РЕДАКЦИЯ на ЗАПИСА
Създаване/Редакция Създаване
Дата на регистрацията/редакция 29.09.2009
Статус, дата на статуса ф /
Служител, извършил регистрацията/редакцията Людмила_Стоянова
944 ## - СЪЗДАВАНЕ И РЕДАКЦИЯ на ЗАПИСА
Създаване/Редакция Редакция
Дата на регистрацията/редакция 23.10.2009
Статус, дата на статуса ф /
Служител, извършил регистрацията/редакцията
999 ## - СИСТЕМНИ КОНТРОЛНИ НОМЕРА
Koha biblionumber 87094
Koha biblioitemnumber 87094
Наличности
Код за отписване Код за изгубен артикул Код за повреда Коз за рестрикции Код за отдаване Артикулен № Име на библиотеката - собственик Име на библиотеката, в която се намира в момента Статус (Текущо местоположение) Дата на вписване в системата Местоположение - отдел Цена в лева Инвентарен номер Систематично азбучна сигнатура Баркод Номер на екземпляра Цена в евро Служебна бележка Служебен тип на артикула Източник на класификационната схема
  Не е изгубен Не е повреден без рестрикции заемане за дома 141051 Регионална библиотека "Любен Каравелов" Русе Регионална библиотека "Любен Каравелов" Русе Заемна - подръчен фонд 2009-09-25 Заемна - подръчен фонд 6.51 120000738658 П 616.12/К 65 120000738658 1 3.33 Дост: DA Вид: А N: 12 Дата: 25.09.2009 Дата инв: 02.02.2018 Бележки инв: П2018 Книги  
  Не е изгубен Не е повреден без рестрикции ползва се в читалня 141052 Регионална библиотека "Любен Каравелов" Русе Регионална библиотека "Любен Каравелов" Русе Хранилище 1984-01-01 Хранилище 6.51 408342 Цб 127574 900000012970 2 3.33 Дост: Dp Вид: Д N: стар фонд Дата: 01.01.1984 Книги Universal Decimal Classification
Изтеглен Не е изгубен Не е повреден без рестрикции заемане за дома 141053 Регионална библиотека "Любен Каравелов" Русе Регионална библиотека "Любен Каравелов" Русе Заемна - подръчен фонд 1984-01-01 Заемна - подръчен фонд 0.00 409714 П 616.12/К 65 409714 3 0.00 Дост: Pk Вид: Ф N: стар фонд Дата: 01.01.1984 Книги Universal Decimal Classification
  Не е изгубен Не е повреден без рестрикции заемане за дома 141054 Регионална библиотека "Любен Каравелов" Русе Регионална библиотека "Любен Каравелов" Русе Заемна - подръчен фонд 1984-01-01 Заемна - подръчен фонд 6.51 409715 П 616.12/К 65 120000409715 4 3.33 Дост: Pk Вид: Ф N: стар фонд Дата: 01.01.1984 Книги Universal Decimal Classification
Vip Innovations Ltd, Rousse, Bulgaria 2025